00397 2200157 4500001002100000005001500021035002000036245004800056100000900104300002600113260004400139082000800183084001400191020002200205990001200227INLIS00000000000256120250605105324 a0010-06250001471 aRahasia Menjadi Miliuner Untuk Anak /cAndy0 aAndy a102 hlm ;c17 x 21 cm aJakarta :bEsensi Erlangga Group,c2017 a000 a000 AND r a978-602-6847-29-4 a0754879